000 00368nam a2200121Ia 4500
008 220216s9999 xx 000 0 und d
100 _aWill T
245 4 _aThe influence of plasticizer aerosols on sampling and analysis of air pollutants in the rubber industry
260 _bKautschuk Gummi Kunststoffe
_c1996
300 _a200-205
700 _aGiese U
942 _cJS
999 _c70792
_d70792